British Vocabulary - Statistics

General Stats
  • This quiz has been taken 78 times
    47 since last reset
  • The average score is 14 of 20
Answer Stats
American Vocabulary British Vocabulary % Correct
French Fries Chips
95%
Elevator Lift
95%
Apartment Block/Flat
93%
Chips Crisps
93%
Cookie Biscuit
90%
Movie Film
90%
Fall Autumn
85%
Movie Theatre Cinema
85%
Candy Sweets
85%
Gasoline Petrol
83%
Closet Wardrobe
68%
Forest Woods
68%
Trunk Boot
65%
Sidewalk Pavement
65%
Parking lot Car park
60%
First Floor Ground Floor
60%
Hood Bonnet
58%
Popsicle Ice lolly
40%
Schedule Timetable
40%
Undershirt Vest
33%
No matching quizzes found
Score Distribution
Percent of People with Each Score
Percentile by Number Answered
Your Score History
You have not taken this quiz since the last reset